Εισαγωγή στη Θεωρητική Γλωσσολογία (Record no. 6000)
[ view plain ]
| 000 -LEADER | |
|---|---|
| fixed length control field | 01315cam a22002054a 4500 |
| 005 - ΗΜΕΡΟΜΗΝΙΑ ΚΑΙ ΩΡΑ ΤΕΛΕΥΤΑΙΑΣ ΕΝΗΜΕΡΩΣΗΣ | |
| Πεδίο ελέγχου | 20250605164228.0 |
| 008 - FIXED-LENGTH DATA ELEMENTS--GENERAL INFORMATION | |
| Πεδίο ελέγχου σταθερού μήκους | 250528s ||||||||||||||||||||||||d |
| 035 ## - SYSTEM CONTROL NUMBER | |
| System control number | 20923 |
| 020 ## - ISBN | |
| ISBN | 9789603753698 |
| 040 ## - ΠΗΓΗ ΚΑΤΑΛΟΓΟΓΡΑΦΗΣΗΣ | |
| Φορέας πρωτότυπης καταλογογράφησης | MC Athens Campus Library |
| Γλώσσα καταλογογράφησης | Ελληνικά, Μοντέρνα (1453-) |
| Modifying agency | MC Athens Campus Library |
| Κανόνες περιγραφικής καταλογογράφησης | AACR2 |
| 245 1# - ΤΙΤΛΟΣ ΚΑΙ ΔΗΛΩΣΗ ΥΠΕΥΘΥΝΟΤΗΤΑΣ | |
| Τίτλος | Εισαγωγή στη Θεωρητική Γλωσσολογία |
| 250 ## - EDITION STATEMENT | |
| Edition statement | 1η |
| 260 ## - PUBLICATION, DISTRIBUTION, ETC. | |
| Name of publisher, distributor, etc. | Μεταίχμιο, |
| Date of publication, distribution, etc. | 2002 |
| 300 ## - PHYSICAL DESCRIPTION | |
| Extent | 648 |
| 520 ## - SUMMARY, ETC. | |
| Summary, etc. | Πρόκειται για γενική εισαγωγή στη Θεωρητική Γλωσσολογία και απευθύνεται κυρίως σε όσους έρχονται για πρώτη φορά σε επαφή με το θέμα. Πρόλογος, Γλωσσολογία: Η Επιστημονική Μελέτη της Γλώσσας, Η Δομή της Γλώσσας, Οι Φθόγγοι της Γλώσσας, Γραμματική: Γενικές Αρχές, Γραμματικές Μονάδες, Γραμματική Δομή, Γραμματικές Κατηγορίες, Γραμματικές λειτουργίες, Σημασιολογία: Γενικές Αρχές, Σημασιολογική Δομή, Βιβλιογραφία, Πίνακας Ονομάτων και Όρων, |
| 700 1# - ΠΡΟΣΘΕΤΗ ΑΝΑΓΡΑΦΗ--ΦΥΣΙΚΟ ΠΡΟΣΩΠΟ | |
| Personal name | Lyons John |
| 9 (RLIN) | 6914 |
| 942 ## - ADDED ENTRY ELEMENTS (KOHA) | |
| Koha item type | Books |
| Τύπος τεκμηρίου | Βιβλιοθήκη | Τρέχουσα τοποθεσία | Barcode | Αριθμός εισαγωγής | Ημερομηνία απόκτησης | Ταξιθετικό σύμβολο | Αριθμός αντιτύπου | Κατάσταση απόσυρσης | Κατάσταση χαμένου | Κατάσταση κατεστραμμένου | Μη δανεισμός | Σύνολο δανεισμών | Ημερομηνία τελευταίας εμφάνισης | Η τιμή ισχύει από |
|---|---|---|---|---|---|---|---|---|---|---|---|---|---|---|
| Books | MC Athens Campus Library | MC Athens Campus Library | 9780000059994 | 6633 | 05/06/2025 | 410 LYO | 1 | 05/06/2025 | 05/06/2025 |